Handbook of advanced wastewater treatment /
Guardado en:
| Autor Principal: | |
|---|---|
| Otros Autores: | , |
| Formato: | Libro |
| Idioma: | English |
| Publicado: |
New York :
Van Nostrand Reinhold,
c1978.
|
| Edición: | 2nd ed. |
| Series: | Van Nostrand Reinhold environmental engineering series
|
| Materias: | |
| Etiquetas: |
Agregar Etiqueta
Sin Etiquetas, Sea el primero en etiquetar este registro!
|
| LEADER | 00984pam a22002655a 4500 | ||
|---|---|---|---|
| 001 | EIQ.libpla003827 | ||
| 008 | 770630r19781971nyuao####b####001#0#eng#d | ||
| 005 | 20080326173813.0 | ||
| 245 | 1 | 0 | |a Handbook of advanced wastewater treatment / |c Russell L. Culp, George Mack Wesner, Gordon L. Culp. |
| 250 | |a 2nd ed. | ||
| 260 | |a New York : |b Van Nostrand Reinhold, |c c1978. | ||
| 300 | |a xii, 632 p. : |b il., fotos ; |c 23 cm. | ||
| 490 | 0 | |a Van Nostrand Reinhold environmental engineering series | |
| 500 | |a Publicación original en 1971 bajo el título: Advanced wastewater treatment. | ||
| 504 | |a Incluye referencias bibliográficas e índice. | ||
| 020 | |a 0442217846 | ||
| 100 | 1 | |a Culp, Russell L., |d 1916- | |
| 700 | 1 | |a Wesner, George Mack. | |
| 700 | 1 | |a Culp, Gordon L. | |
| 082 | 0 | 0 | |a 628/.3 |
| 650 | 4 | |a Aguas residuales |x Purificación. | |
| 650 | 0 | |a Sewage |x Purification. | |
| 010 | |a 77024483 | ||
| 040 | |a DLC |c DLC |d AR-BbSID | ||
| 859 | |a AR-BbSID |b BIB. PLAPIQUI |h 628.3 |i C 897 |p 836 | ||
